Normal view
MARC view
- الامام علي
Entry Topical Term
001 - CONTROL NUMBER
- control field: 14705
003 - CONTROL NUMBER IDENTIFIER
- control field: JO-AjAnu
005 - DATE AND TIME OF LATEST TRANSACTION
- control field: 20230606072640.0
008 - FIXED-LENGTH DATA ELEMENTS
- fixed length control field: 230606|| aca||aabn | a|a d
040 ## - CATALOGING SOURCE
- Original cataloging agency: JO-AjAnu
- Transcribing agency: JO-AjAnu
150 ## - HEADING--TOPICAL TERM
- Topical term or geographic name entry element: الامام علي
670 ## - SOURCE DATA FOUND
- Source citation: Work cat.: (JO-AjAnu)7552: جار الله،سارة حنفي, author 14704, سيرة الإمام علي بن أبي طالب كرم الله وجهه